000 00647nam a2200217Ia 4500
003 OSt
005 20220927105403.0
006 a|||||r|||| 00| 0
007 ta
008 220926b |||||||| |||| 00| 0 eng d
024 _a190250
037 _cReference Collections
040 _aRTL
_cRTL
_beng
041 _2eng
_aeng
082 _a"E.242s.N, N1.1/GD"
245 0 _a"Gazetteer of Punjab, Haryana and Himachal Pradesh"
260 _aNew
_bDelhi Atlantic Publishers & Distributors
_c1991
300 _a"xxvii,455"
_ccm.
942 _h"E.242s.N, N1.1/GD"
_cCC
999 _c692246
_d692246